MARC details
| 000 -LEADER |
| fixed length control field |
01162nam a22002777a 4500 |
| 003 - CONTROL NUMBER IDENTIFIER |
| control field |
OSt |
| 005 - DATE AND TIME OF LATEST TRANSACTION |
| control field |
20250911153215.0 |
| 008 - FIXED-LENGTH DATA ELEMENTS--GENERAL INFORMATION |
| fixed length control field |
240214b ||||| |||| 00| 0 eng d |
| 040 ## - CATALOGING SOURCE |
| Transcribing agency |
0 |
| 082 ## - DEWEY DECIMAL CLASSIFICATION NUMBER |
| Classification number |
DPer 621.317 Ie21 May 2022 v. 37 n. 5 |
| 100 ## - MAIN ENTRY--PERSONAL NAME |
| Personal name |
Fang, Xiongfeng. |
| Relator term |
author. |
| 9 (RLIN) |
52359 |
| 245 ## - TITLE STATEMENT |
| Title |
An energy absorbing method for hybrid MMCs to avoid full-bridge submodule overvoltage during DC fault blocking / |
| Statement of responsibility, etc. |
Xiongfeng Fang, Gen Li, Canfeng Chen, Dongyu Wang, Jian Xiong, and Kai Zhang. |
| 260 ## - PUBLICATION, DISTRIBUTION, ETC. (IMPRINT) |
| Place of publication, distribution, etc. |
New York ; |
| Name of publisher, distributor, etc. |
The Institute of Electrical and Electronics Engineers, Inc. , |
| Date of publication, distribution, etc. |
May 2022. |
| 300 ## - PHYSICAL DESCRIPTION |
| Extent |
Volume 37, pages 4947-4951 : |
| Other physical details |
illustration ; |
| Dimensions |
28 cm. |
| 500 ## - GENERAL NOTE |
| General note |
IEEE Transactions on Power Electronics, v. 37 n. 5, pages 4947-4951, May 2022. |
| 650 #0 - SUBJECT ADDED ENTRY--TOPICAL TERM |
| Topical term or geographic name as entry element |
Circuit faults. |
| 9 (RLIN) |
65925 |
| 650 #0 - SUBJECT ADDED ENTRY--TOPICAL TERM |
| Topical term or geographic name as entry element |
Thyristors. |
| 9 (RLIN) |
65924 |
| 650 #0 - SUBJECT ADDED ENTRY--TOPICAL TERM |
| Topical term or geographic name as entry element |
Voltage control. |
| 9 (RLIN) |
65727 |
| 700 ## - ADDED ENTRY--PERSONAL NAME |
| Personal name |
Fang, Xiongfeng. |
| Relator term |
author. |
| 9 (RLIN) |
52359 |
| 700 ## - ADDED ENTRY--PERSONAL NAME |
| Personal name |
Li, Gen. |
| Relator term |
author. |
| 9 (RLIN) |
52360 |
| 700 ## - ADDED ENTRY--PERSONAL NAME |
| Personal name |
Chen, Canfeng. |
| Relator term |
author. |
| 9 (RLIN) |
52361 |
| 700 ## - ADDED ENTRY--PERSONAL NAME |
| Personal name |
Wang, Dongyu. |
| Relator term |
author. |
| 9 (RLIN) |
52362 |
| 700 ## - ADDED ENTRY--PERSONAL NAME |
| Personal name |
Xiong, Jian. |
| Relator term |
author. |
| 9 (RLIN) |
52363 |
| 700 ## - ADDED ENTRY--PERSONAL NAME |
| Personal name |
Zhang, Kai. |
| Relator term |
author. |
| 9 (RLIN) |
52364 |
| 942 ## - ADDED ENTRY ELEMENTS (KOHA) |
| Source of classification or shelving scheme |
Dewey Decimal Classification |
| Koha item type |
Periodicals |